| 000 | 00699pam a2200217 a 4500 | ||
|---|---|---|---|
| 020 | _a0534931588 | ||
| 082 | 0 | 0 |
_a515/.35 _bZIL |
| 100 | 1 |
_aZill, Dennis G., _91266 |
|
| 245 | 1 | 0 |
_aDifferential equations with boundary-value problems / _cDennis G. Zill. |
| 250 | _a3rd ed. / | ||
| 260 |
_aRawalpindi : _bMarshal Printing Pres, |
||
| 300 |
_a1 v. (various pagings) : _bill. (some col.) ; _c24 cm. |
||
| 500 | _aIncludes index. | ||
| 526 |
_a0 _b0 _c0 _d515_350000000000000_ZIL |
||
| 526 |
_a0 _b0 _c0 _d515_350000000000000_ZIL |
||
| 650 | 0 |
_aBoundary value problems. _9689 |
|
| 650 | 0 |
_aDifferential equations. _9688 |
|
| 650 | 0 |
_aMCE _9379 |
|
| 700 | 1 |
_aCullen, Michael R. _910574 |
|
| 942 |
_2ddc _cBK |
||
| 999 |
_c544079 _d544079 |
||